Etické aspekty marketingovej komunikácie
Význam etiky v podnikaní a etické správanie, ktoré sa odráža v tvorbe hodnoty podniku, jeho ziskovosti, v budovaní dlhodobých vzťahov so všetkými zainteresovanými skupinami. Prečo venovať pozornosť etike a vo všeobecnosti zvyšovať povedomie spoločnosti o týchto otázkach.
Gespeichert in:
| 1. Verfasser: | |
|---|---|
| Format: | Buchkapitel |
| Sprache: | Slowakisch |
| Schlagworte: | |
| Tags: |
Keine Tags, Fügen Sie das erste Tag hinzu!
|
MARC
| LEADER | 00000nla a2200000 4500 | ||
|---|---|---|---|
| 001 | 0228912 | ||
| 005 | 20220322124623.4 | ||
| 041 | 0 | |a slo | |
| 044 | |a SK | ||
| 245 | 1 | 0 | |a Etické aspekty marketingovej komunikácie |c Zdenka Musová |
| 520 | |a Význam etiky v podnikaní a etické správanie, ktoré sa odráža v tvorbe hodnoty podniku, jeho ziskovosti, v budovaní dlhodobých vzťahov so všetkými zainteresovanými skupinami. Prečo venovať pozornosť etike a vo všeobecnosti zvyšovať povedomie spoločnosti o týchto otázkach. | ||
| 610 | 2 | 0 | |a etika |
| 610 | 2 | 0 | |a morálka |
| 610 | 2 | 0 | |a etika podnikateľská |
| 610 | 2 | 0 | |a normy etické |
| 610 | 2 | 0 | |a princípy mravné |
| 610 | 2 | 0 | |a etika aplikovaná |
| 610 | 2 | 0 | |a komunikácia marketingová |
| 100 | 1 | |a Musová, Zdenka | |